00801nam a2200205Ia 4500003000900000008004100009020002200050040001600072080002200088245020500110260003700315300001000352650003200362650001400394700003100408700003300439942000700472999001700479952009900496IN-BaIIA211028s9999 xx 000 0 eng d a978-1-909204-26-3 cIIA Library a52-77(082.1)bRES 0aResolving the sky-radio interferometrybpast, present and future; proceedings of the conference held at the Lowryhotel, Manchester, U. K. April 17-20, 2012cedited by M. A. Garrett and J. C. Greenwood aU.KbS. K. A. Organisationc2013 a376p. aRadio interferometry915209 aSky92307 aGarrett, M. A., ed.936066 aGreenwood, J. C., ed.936067 cBK c18863d18863 00104070aBANbBANcGENd2014-03-14l0o52-77(082.1)/ RESp19785r2021-11-05w2014-03-14yBK